00680nam a2200181 a 450000100100000000500170001000800410002704000250006808200150009310000230010824501040013124600620023526000380029730000310033550000630036650400330042970000360046200002255820200930021656.0101013s1998 dr c 000 0 spa d aDO-SdBNPbspacBNPHU axxxbM722c1 aMolina, Antonio J.10a150 años de zarzuela en Puerto Rico y Cuba /cAntonio J. Molina; prólogo Ignacio Morales Nieva.12aCiento cincuenta años de Zarzuela en Puerto Rico y Cuba aSan Juan :bRamallo Bros.,c1998. a702 p. :bretrs. ;c23 cm. aIncluye datos biográficos del autor en la contracubierta aBibliografías [p. 697-702]1 aMorales Nieva, Ignacioepról.